| 000 | 00557nam a22001937a 4500 | ||
|---|---|---|---|
| 003 | IIN | ||
| 005 | 20250430111950.0 | ||
| 008 | 250430s2024 |||acd|| |||| 001 0 eng d | ||
| 020 |
_a9788195602063 _cRs.695.00 |
||
| 040 | _aIIN | ||
| 082 |
_a610.73 _bTNAI |
||
| 110 | _aThe Trained Nurses' Association of India | ||
| 245 |
_aNursing Foundation (Vol. 1)/ _cThe Trained Nurses' Association of India |
||
| 260 |
_aNew Delhi _bTNAI _c2024 |
||
| 300 |
_axviii,354 p./ v.1 _bcol. ill. |
||
| 500 | _aIncludes Index | ||
| 650 |
_aNursing _vFoundation |
||
| 942 | _cBOOK | ||
| 999 |
_c1776 _d1776 |
||